| 000 | 01642nam a2200193 a 4500 | ||
|---|---|---|---|
| 090 |
_aIAVH _b00655 |
||
| 041 | _aspa | ||
| 100 |
_aArboleda Obando, María Ofelia _992533 |
||
| 245 | _aMarco estratégico para la planificación y manejo ambiental de los ecosistemas compartidos de páramo, subpáramo y bosque alto andino en la Unidad Biogeográfica de Santurbán en la jurisdicción de la CDMB y CORPONOR | ||
| 260 |
_aBogotá _bInstituto Alexander von Humboldt _bCORPONOR _c2002 |
||
| 300 | _a345 p. | ||
| 520 | _aEste documento hace parte del desarrollo del convenio de cooperación entre el Instituto Humboldt y la corporación autónoma regional de la frontera nororiental -CORPONOR y se centra en presentar la propuesta para la definición de áreas protegidas en la Unidad Biogeográfica de Santurbán. Esta propuesta consta de dos partes principales, la primera es un análisis del documento Estudios de caracterización y zonificación ambiental de la unidad biogeográfica de Santurbán-CORPONOR, y la segunda presenta una propuesta elaborada por el Instituto Humboldt para el establecimiento de áreas protegidas en Santurbán y pretende ser una aproximación qu debe ser un paso inical para la consolidación de un sistema de áres que garantice la conservación y manejo sostenible en la zona de gran importancia tanto a nivel regional como nacional. | ||
| 650 |
_aBiodiversidad _992204 |
||
| 650 |
_aConservación _992401 |
||
| 650 |
_aAreas protegidas _978 |
||
| 650 |
_aZonificación ambiental _9229 |
||
| 650 |
_aUso sostenible de los recursos naturales _992539 |
||
| 662 |
_aColombia _cUnidad Biogeográfica Santurbán _bSantander |
||
| 999 |
_c6156 _d6156 |
||